Data and image compression : Tools and techniques

Salvato in:
Dettagli Bibliografici
Autori principali: Held, Gilbert (Autore), Marshall, Thomas (Autore)
Natura: Libro
Lingua:inglese
Pubblicazione: Chichester : John Wiley & Sons, 1996
Edizione:4.ed.
Soggetti:
Tags: Aggiungi Tag
Nessun Tag, puoi essere il primo ad aggiungerne!!

MARC

LEADER 00000nam a22000003a 4500
001 stu33201
005 20190206124429.6
008 980811s1996------------------------eng-d
020 |a 0-471-95247-8 
040 |a STU  |b slo 
041 0 |a eng 
080 |a 621.397.037.37 
080 |a 681.32.05 
080 |a 519.688  |7 stu_us_auth*stu10069 
084 |a A4230V  |2 INS 
084 |a B6120B  |2 INS  |7 stu_us_auth*stu6506 
084 |a B6130C  |2 INS 
084 |a C1250  |2 INS 
084 |a C5260B  |2 INS  |7 stu_us_auth*stu6465 
084 |a C1260  |2 INS  |7 stu_us_auth*stu7143 
100 1 |a Held, Gilbert  |4 aut 
245 1 |a Data and image compression :  |b Tools and techniques 
250 |a 4.ed. 
260 |a Chichester :  |b John Wiley & Sons,  |c 1996 
300 |a 425 s., 2.diskety 
650 7 |a číslicové spracovanie obrazov  |2 stusub 
650 7 |a kódovanie obrazov  |2 stusub 
650 7 |a kompresia obrazov  |2 stusub 
700 1 |a Marshall, Thomas  |4 aut 
996 |b E82092  |c E*82092  |l EE11  |s P  |a 0  |w stu33201_0001